000 00437nam a2200157 4500
001 123798
003 ES-MaACL
007 t|
008 070214s1974 sp r ||||1| spa d
100 0 _aQuiroga, Elena,
_d1921-1995
_994768
245 1 3 _aLa careta /
_cElena Quiroga.
260 _aMadrid :
_bEdiciones del Centro,
_c1974.
300 _a194 p. ;
_c21 cm.
852 _aES-MaACL
_jE-5604
_bR.89949
999 _c123798
_d123798